US States Quiz by First Two Letters - Statistics

General Stats
  • This quiz has been taken 101 times
  • The average score is 41 of 50
Answers on the Map
Answers color-coded by a green-red scale on the quiz's map according to % correct below.
 
Answer Stats
First 2 Letters % Correct
AL
95%
AL
95%
NE
94%
NE
94%
NE
94%
NE
94%
NE
94%
FL
92%
MI
92%
MI
92%
MI
92%
MI
92%
NO
90%
NO
90%
TE
90%
TE
90%
CA
89%
MA
89%
MA
89%
MA
89%
AR
87%
AR
87%
CO
87%
CO
87%
SO
87%
SO
87%
HA
83%
MO
81%
WA
81%
IL
79%
DE
78%
GE
78%
IN
78%
OH
78%
WE
78%
LO
76%
OR
76%
UT
76%
ID
75%
KA
71%
OK
71%
PE
70%
RH
70%
WI
70%
VI
68%
WY
68%
IO
67%
KE
67%
VE
63%
NE
2%
No matching quizzes found
Score Distribution
Percent of People with Each Score
Percentile by Number Answered
Your Score History
You have not taken this quiz